000
00236nam a2200097Ia 4500
008
240625s9999 xx 000 0 und d
041
_a
eng
100
_a
LINUX FOR YOU
245
_a
LINUX FOR YOU NETWORK MONITORING AND MAN
260
_c
2009
999
_c
34382
_d
34382